| 000 | 00528nam a2200145Ia 4500 | ||
|---|---|---|---|
| 008 | 100122s9999 xx 000 0 und d | ||
| 082 |
_b16825 _a915.4 |
||
| 100 | _aस्वामी नारायण | ||
| 245 | _aफटफटीवरुन भारत भ्रमण | ||
| 260 |
_bसुरतवाला पब्लिशर्स _c1970 |
||
| 300 | _a197 | ||
| 630 | _aफटफटीवरुन भारत भ्रमण | ||
| 730 | _aफटफटीवरुन भारत भ्रमण | ||
| 942 | _cBOOK | ||
| 999 |
_c406677 _d406674 |
||